[Event "Thüringenliga 2011/2012"]
[Site "?"]
[Date "2012.04.29"]
[Round "9"]
[White "Middelhoff, Cornelius"]
[Black "Hermannsdörfer, Frank"]
[Result "0-1"]
[WhiteElo "2003"]
[BlackElo "2145"]
[PlyCount "72"]
[EventDate "2011.??.??"]
[WhiteTeam "SV Jenapharm Jena"]
[BlackTeam "SV 1861 Liebschwitz"]

1. d4 d6 2. Nf3 Nf6 3. c4 Bf5 4. Nc3 g6 5. Nh4 Bd7 6. e4 Bg7 7. Nf3 O-O 8. Be2
Na6 9. O-O c5 10. d5 Nc7 11. h3 a6 12. a4 b5 13. e5 dxe5 14. Nxe5 bxc4 15. Nxc4
Bf5 16. Bf3 Rb8 17. Re1 Rb4 18. Ne5 Rd4 19. Qb3 Rb4 20. Qd1 Rd4 21. Qb3 Rb4 22.
Qa3 Qd6 23. Nc6 e5 24. Qa2 e4 25. Nxb4 exf3 26. Nc6 fxg2 27. Ne7+ Kh8 28. Nxf5
gxf5 29. Bg5 Nfxd5 30. Rad1 Bd4 31. Nxd5 Nxd5 32. Be3 Nxe3 33. Rxe3 Qf4 34. Re2
Qf3 35. Rxd4 Qxe2 36. Rf4 Qf1+ 0-1

[Event "Thüringenliga 2011/2012"]
[Site "?"]
[Date "2012.04.29"]
[Round "9"]
[White "Weiß, Werner"]
[Black "Darr, Sascha"]
[Result "1/2-1/2"]
[WhiteElo "2032"]
[BlackElo "2068"]
[PlyCount "90"]
[EventDate "2011.??.??"]
[WhiteTeam "SV 1861 Liebschwitz"]
[BlackTeam "SV Jenapharm Jena"]

1. e4 e5 2. Nf3 Nc6 3. d3 Nf6 4. Be2 d5 5. Nbd2 Bc5 6. O-O O-O 7. c3 a5 8. Qc2
Ba7 9. a4 Re8 10. Rb1 Qd6 11. exd5 Nxd5 12. Ne4 Qe7 13. Bg5 f6 14. Bd2 Be6 15.
Kh1 Rad8 16. Rbe1 Qf7 17. Bd1 Qd7 18. Qb1 Bf7 19. b4 axb4 20. cxb4 Nd4 21. Nxd4
Bxd4 22. Bb3 Qg4 23. Be3 Bxe3 24. fxe3 f5 25. h3 Qg6 26. Nf2 Kh8 27. Bxd5 Bxd5
28. e4 fxe4 29. Nxe4 Rf8 30. Rxf8+ Rxf8 31. Rf1 Rf4 32. Rxf4 exf4 33. Qc1 Bxe4
34. dxe4 Qxe4 35. Qxc7 h6 36. Qc3 Kh7 37. a5 Kg6 38. Kh2 Kf7 39. b5 g5 40. a6
bxa6 41. bxa6 h5 42. Qf3 Qa4 43. Qb7+ Kf6 44. a7 Qa3 45. a8=Q Qg3+ 1/2-1/2

[Event "Thüringenliga 2011/2012"]
[Site "?"]
[Date "2012.04.29"]
[Round "9"]
[White "Kloß, Thomas"]
[Black "Katzer, Michael"]
[Result "1/2-1/2"]
[WhiteElo "1949"]
[BlackElo "1848"]
[PlyCount "81"]
[EventDate "2011.??.??"]
[WhiteTeam "SV Jenapharm Jena"]
[BlackTeam "SV 1861 Liebschwitz"]

1. d4 Nf6 2. c4 e6 3. Nf3 d5 4. g3 Be7 5. Bg2 O-O 6. O-O dxc4 7. Qc2 a6 8. Qxc4
b5 9. Qc2 Bb7 10. Bd2 Nc6 11. Rd1 Ra7 12. a3 Qa8 13. Be3 Nd5 14. Bg5 h6 15.
Bxe7 Ndxe7 16. e3 Nxd4 17. Rxd4 Bxf3 18. Bxf3 Qxf3 19. Nd2 Qa8 20. Nb3 Nc6 21.
Re4 Rd8 22. Rc1 Rd6 23. Qc5 Qb7 24. Nd4 Na5 25. Rh4 Rd5 26. Qb4 Nc4 27. Qe7 c5
28. Qe8+ Kh7 29. b3 Nd6 30. Qc6 cxd4 31. e4 Qxc6 32. Rxc6 Nxe4 33. Rxe4 d3 34.
Re1 d2 35. Rd1 Kg6 36. Kf1 Kf5 37. Ke2 Ke4 38. f3+ Ke5 39. Rxd2 Rxd2+ 40. Kxd2
Kd5 41. Rb6 1/2-1/2

[Event "Thüringenliga 2011/2012"]
[Site "?"]
[Date "2012.04.29"]
[Round "9"]
[White "Gerhardt, Frank"]
[Black "Zipfel, Frank"]
[Result "0-1"]
[WhiteElo "2037"]
[BlackElo "1998"]
[PlyCount "64"]
[EventDate "2011.??.??"]
[WhiteTeam "SV 1861 Liebschwitz"]
[BlackTeam "SV Jenapharm Jena"]

1. e4 Nc6 2. Nf3 d5 3. exd5 Qxd5 4. Nc3 Qa5 5. d4 Bg4 6. Bb5 O-O-O 7. Bxc6 bxc6
8. h3 Qh5 9. O-O Bxf3 10. Qxf3 Qxf3 11. gxf3 Rxd4 12. Be3 Rc4 13. Rac1 Nf6 14.
Rfd1 e6 15. Bd4 Bc5 16. Ne2 Bxd4 17. Nxd4 Rd8 18. c3 Nd5 19. Ne2 Rd6 20. Kh2
Ra4 21. a3 c5 22. Rg1 g6 23. c4 Nb6 24. b4 Rd2 25. Nc3 Rxa3 26. Ne4 Rd4 27.
bxc5 Nxc4 28. Nc3 Ne5 29. Nb5 Nxf3+ 30. Kg2 Nxg1 31. Nxa3 Ne2 32. Rc2 Nf4+ 0-1

[Event "Thüringenliga 2011/2012"]
[Site "?"]
[Date "2012.04.29"]
[Round "9"]
[White "Pichl, Michael"]
[Black "Koch, Stefan"]
[Result "1/2-1/2"]
[WhiteElo "1991"]
[BlackElo "1924"]
[PlyCount "22"]
[EventDate "2011.??.??"]
[WhiteTeam "SV Empor Erfurt"]
[BlackTeam "SC Suhl"]

1. g3 d5 2. Bg2 Nf6 3. Nf3 c6 4. O-O Bf5 5. d3 e6 6. Nbd2 Be7 7. b3 O-O 8. Bb2
Nbd7 9. c4 h6 10. Qc2 Rc8 11. a3 Qc7 1/2-1/2

[Event "Thüringenliga 2011/2012"]
[Site "?"]
[Date "2012.04.29"]
[Round "9"]
[White "Thiemann, Jürgen"]
[Black "Müller, Bernd"]
[Result "1/2-1/2"]
[WhiteElo "1705"]
[BlackElo "1738"]
[PlyCount "22"]
[EventDate "2011.??.??"]
[WhiteTeam "SV Empor Erfurt"]
[BlackTeam "SC Suhl"]

1. d4 f5 2. c4 Nf6 3. Nc3 e6 4. g3 Be7 5. Bg2 O-O 6. e4 fxe4 7. Nxe4 c6 8. Nh3
d5 9. cxd5 exd5 10. Nc3 Bd7 11. O-O Be8 1/2-1/2

[Event "Thüringenliga 2011/2012"]
[Site "?"]
[Date "2012.04.29"]
[Round "9"]
[White "Schneider, Christian"]
[Black "Goemann, Jens"]
[Result "1/2-1/2"]
[WhiteElo "2199"]
[BlackElo "2113"]
[PlyCount "72"]
[EventDate "2011.??.??"]
[WhiteTeam "SG Blau-Weiß Stadtilm"]
[BlackTeam "TSG Apolda"]

1. c4 Nf6 2. Nc3 g6 3. g3 Bg7 4. Bg2 O-O 5. d4 d6 6. e3 e5 7. Nge2 c6 8. O-O
Re8 9. b3 Bf5 10. Ba3 e4 11. b4 Nbd7 12. Rc1 Nb6 13. Na4 Qd7 14. Qb3 Bh3 15.
Nxb6 axb6 16. Bb2 Qf5 17. Bxh3 Qxh3 18. Nf4 Qf5 19. d5 g5 20. Ne2 Ng4 21. Bxg7
Kxg7 22. Nd4 Qg6 23. f3 exf3 24. Rxf3 Ne5 25. Nf5+ Kg8 26. Rff1 g4 27. Nh4 Qg5
28. Rf4 Ng6 29. Nxg6 hxg6 30. Rcf1 Re7 31. dxc6 bxc6 32. c5 bxc5 33. Rxf7 Qxe3+
34. Qxe3 Rxe3 35. bxc5 dxc5 36. R7f2 Rf3 1/2-1/2

[Event "Thüringenliga 2011/2012"]
[Site "?"]
[Date "2012.04.29"]
[Round "9"]
[White "Maiwald, Harald"]
[Black "Rätsch, Heinz"]
[Result "0-1"]
[WhiteElo "2005"]
[BlackElo "2102"]
[PlyCount "70"]
[EventDate "2011.??.??"]
[WhiteTeam "TSG Apolda"]
[BlackTeam "SG Blau-Weiß Stadtilm"]

1. Nf3 Nf6 2. g3 d6 3. d4 Nbd7 4. Bg2 e5 5. c4 Be7 6. O-O O-O 7. Nc3 Re8 8. h3
a5 9. e4 exd4 10. Nxd4 Nc5 11. Qc2 Bf8 12. Be3 c6 13. Rad1 Qc7 14. Rfe1 g6 15.
f4 Bg7 16. Bf2 Ne6 17. Nde2 h6 18. Rd2 g5 19. f5 Nc5 20. Red1 Bf8 21. Nd4 Ncd7
22. Ndb5 cxb5 23. Nxb5 Qb8 24. Nxd6 Bxd6 25. Rxd6 Ra6 26. c5 Qc7 27. h4 Ng4 28.
Rxa6 bxa6 29. hxg5 Nxf2 30. Kxf2 hxg5 31. c6 Ne5 32. Rc1 Qb6+ 33. Kf1 Ng4 34.
Qc5 Qxb2 35. Rc2 Qxc2 0-1

[Event "Thüringenliga 2011/2012"]
[Site "?"]
[Date "2012.04.29"]
[Round "9"]
[White "Schmidt, Matthias"]
[Black "Andreß, Rainer"]
[Result "1-0"]
[WhiteElo "1939"]
[BlackElo "1472"]
[PlyCount "31"]
[EventDate "2011.??.??"]
[WhiteTeam "TSG Apolda"]
[BlackTeam "SG Blau-Weiß Stadtilm"]

1. e4 g6 2. d4 d6 3. h3 Bg7 4. Nf3 Nf6 5. Nc3 O-O 6. Be3 b6 7. Bd3 c5 8. e5
cxd4 9. exf6 dxe3 10. fxg7 exf2+ 11. Kxf2 Kxg7 12. Be4 Ba6 13. Bxa8 e6 14. Qd4+
Kg8 15. Rad1 d5 16. Rhe1 1-0

[Event "Thüringenliga 2011/2012"]
[Site "?"]
[Date "2012.04.29"]
[Round "9"]
[White "Schröter, Maik"]
[Black "Steiger, Jürgen"]
[Result "0-1"]
[WhiteElo "1695"]
[BlackElo "1932"]
[PlyCount "86"]
[EventDate "2011.??.??"]
[WhiteTeam "SG Blau-Weiß Stadtilm"]
[BlackTeam "TSG Apolda"]

1. e4 e5 2. Nf3 Nc6 3. d4 exd4 4. Bc4 d6 5. Nxd4 Nf6 6. Nxc6 bxc6 7. e5 Ne4 8.
Bxf7+ Kxf7 9. Qf3+ Kg8 10. Qxe4 d5 11. Qe2 a5 12. O-O h6 13. Re1 Be6 14. Nd2
Qd7 15. Nf3 c5 16. Nh4 Qf7 17. f4 Be7 18. Qf2 Qh5 19. g3 Rf8 20. Qf3 Qf7 21.
Ng2 d4 22. Qc6 Rc8 23. Rf1 Qf5 24. Bd2 Bd7 25. Qd5+ Kh7 26. Rae1 Bb5 27. Rf2
Qxc2 28. f5 Qc4 29. Qe4 Qd3 30. Qg4 Rhg8 31. Qg6+ Kh8 32. Bxh6 Rcf8 33. Nf4
Qxf5 34. Bxg7+ Rxg7 35. Qh6+ Qh7 36. Ng6+ Rxg6 37. Rxf8+ Bxf8 38. Qxf8+ Qg8 39.
Qxc5 Rxg3+ 40. hxg3 Qxg3+ 41. Kh1 Qxe1+ 42. Kh2 Qf2+ 43. Kh1 Be2 0-1

[Event "Thüringenliga 2011/2012"]
[Site "?"]
[Date "2012.04.29"]
[Round "9"]
[White "Werner, Justus"]
[Black "Neubauer, Ralf"]
[Result "1-0"]
[WhiteElo "1542"]
[BlackElo "1848"]
[PlyCount "54"]
[EventDate "2011.??.??"]
[WhiteTeam "SG Blau-Weiß Stadtilm"]
[BlackTeam "TSG Apolda"]

1. c4 e6 2. Nc3 d5 3. d4 Nf6 4. Bg5 c6 5. Nf3 h6 6. Bh4 dxc4 7. e4 g5 8. Bg3 b5
9. a4 Bb4 10. Be5 Nbd7 11. Bxf6 Nxf6 12. e5 Nd5 13. Qc2 a6 14. axb5 cxb5 15. h3
Bb7 16. Be2 Nf4 17. O-O O-O 18. Ne4 Bxe4 19. Qxe4 Qd5 20. Qe3 a5 21. Bd1 Ng6
22. Bc2 Qd8 23. h4 Be7 24. h5 Nf4 25. Qe4 f5 26. exf6 Rxf6 27. Qh7+ Kf8 1-0

[Event "Thüringenliga 2011/2012"]
[Site "?"]
[Date "2012.04.29"]
[Round "9"]
[White "Römer, Norbert"]
[Black "Rögner, Andreas"]
[Result "0-1"]
[WhiteElo "1803"]
[BlackElo "1664"]
[PlyCount "102"]
[EventDate "2011.??.??"]
[WhiteTeam "TSG Apolda"]
[BlackTeam "SG Blau-Weiß Stadtilm"]

1. c4 e6 2. Nf3 Nf6 3. g3 c5 4. Bg2 Nc6 5. O-O Be7 6. Nc3 O-O 7. e4 e5 8. d3 d6
9. h3 h6 10. a3 a6 11. Rb1 Rb8 12. b4 cxb4 13. axb4 b5 14. cxb5 axb5 15. d4
exd4 16. Nxd4 Nxd4 17. Qxd4 Be6 18. Be3 Qd7 19. Kh2 Rfc8 20. Rfd1 Rc4 21. Qd3
Qc7 22. Rbc1 Qd7 23. Rb1 Rbc8 24. Rdc1 d5 25. e5 Bf5 26. Qe2 Bxb1 27. exf6 Bxf6
28. Rxb1 Bxc3 29. Bc5 d4 30. Rd1 Bxb4 31. Bxb4 Rxb4 32. Qe4 Rd8 33. Bf1 Rb3 34.
Bd3 g6 35. Re1 Qd5 36. Qh4 Kg7 37. Rd1 Rc3 38. Be4 Qd6 39. Kg2 Rc5 40. Bd3 Rh5
41. Qg4 Rc5 42. h4 b4 43. f4 Qd5+ 44. Kh3 Qh5 45. Qxh5 gxh5 46. Kg2 b3 47. Kf3
b2 48. Rb1 Rb8 49. Ke4 Rc1 50. Kxd4 Rxb1 51. Bxb1 Rc8 0-1

[Event "Landesklasse Ost 2012/2013"]
[Site "?"]
[Date "2012.12.02"]
[Round "2"]
[White "Hoffmann, Tim"]
[Black "Jank, Kevin"]
[Result "1-0"]
[WhiteElo "1864"]
[BlackElo "1650"]
[PlyCount "67"]
[EventDate "2012.??.??"]
[WhiteTeam "ESV Gera"]
[BlackTeam "SG Arnstadt-Stadtilm"]

1. c4 e5 2. Nc3 f5 3. g3 Nf6 4. Bg2 Nc6 5. a3 Be7 6. d3 O-O 7. e3 d6 8. Nge2
Qe8 9. O-O Qh5 10. Nd5 Nxd5 11. cxd5 Nb8 12. Nc3 Qxd1 13. Rxd1 a6 14. b4 Nd7
15. Bd2 Nf6 16. Rac1 Bd7 17. e4 fxe4 18. dxe4 c6 19. Bg5 h6 20. Bxf6 Rxf6 21.
Rd3 Rc8 22. Na4 Bd8 23. Rdc3 c5 24. Nb2 b6 25. Bf1 Ra8 26. bxc5 bxc5 27. Rb3
Rf7 28. Nc4 Bc7 29. Ne3 Rff8 30. Rb7 Rfc8 31. Rcb1 a5 32. Nc4 Ba4 33. R1b2 Kf8
34. Bh3 1-0

[Event "Landesklasse Ost 2012/2013"]
[Site "?"]
[Date "2012.12.02"]
[Round "2"]
[White "Zeising, Benjamin"]
[Black "Puschendorf, Steffen"]
[Result "0-1"]
[WhiteElo "1773"]
[BlackElo "2105"]
[PlyCount "42"]
[EventDate "2012.??.??"]
[WhiteTeam "SG Arnstadt-Stadtilm"]
[BlackTeam "ESV Gera"]

1. e4 e6 2. f4 d5 3. e5 c5 4. b4 cxb4 5. a3 Nc6 6. axb4 Bxb4 7. c3 Be7 8. Qg4
Kf8 9. d4 Na5 10. Nd2 Bd7 11. Bd3 Rc8 12. Ne2 h5 13. Qh3 g6 14. g4 Bh4+ 15. Kf1
hxg4 16. Ba3+ Kg7 17. Qxg4 Nc4 18. Bxc4 dxc4 19. Rg1 Nh6 20. Qh3 Nf5 21. Ne4
Bg3 0-1

[Event "Landesklasse Ost 2012/2013"]
[Site "?"]
[Date "2012.12.02"]
[Round "2"]
[White "Gläßl, Matthias"]
[Black "Habl, Klaus"]
[Result "1-0"]
[WhiteElo "2071"]
[BlackElo "1671"]
[PlyCount "61"]
[EventDate "2012.??.??"]
[WhiteTeam "ESV Gera"]
[BlackTeam "SG Arnstadt-Stadtilm"]

1. e4 c5 2. Nc3 d6 3. f4 e6 4. Nf3 Nf6 5. Bb5+ Bd7 6. a4 Be7 7. d3 Bxb5 8. Nxb5
a6 9. Nc3 d5 10. exd5 Nxd5 11. O-O Nc6 12. Bd2 O-O 13. Nxd5 Qxd5 14. Bc3 b5 15.
b3 Rfd8 16. Qe2 Nd4 17. Bxd4 cxd4 18. g3 b4 19. Ne5 Bd6 20. Nc4 Bc7 21. Rae1
Re8 22. Qf2 f6 23. Re4 Re7 24. Qxd4 Qxd4+ 25. Rxd4 e5 26. fxe5 Bxe5 27. Nxe5
Rxe5 28. Rxb4 Re2 29. Rc4 Rae8 30. Rf2 Kf7 31. Rc6 1-0

[Event "Landesklasse Ost 2012/2013"]
[Site "?"]
[Date "2012.12.02"]
[Round "2"]
[White "Specht, Horst"]
[Black "Schmidt, Frank"]
[Result "1/2-1/2"]
[WhiteElo "1569"]
[BlackElo "1937"]
[PlyCount "85"]
[EventDate "2012.??.??"]
[WhiteTeam "SG Arnstadt-Stadtilm"]
[BlackTeam "ESV Gera"]

1. d4 Nf6 2. Nf3 g6 3. c4 Bg7 4. Nc3 d6 5. e4 O-O 6. h3 e5 7. d5 a5 8. Be3 Na6
9. a3 Bd7 10. Rc1 b6 11. Bd3 Nc5 12. Bc2 Nh5 13. Ne2 f5 14. exf5 gxf5 15. b4
axb4 16. axb4 Na4 17. Bg5 Qe8 18. Rb1 h6 19. Bd2 Qe7 20. O-O b5 21. cxb5 Bxb5
22. Re1 Qf7 23. Bb3 Nb6 24. Nc3 Bd3 25. Ra1 Rxa1 26. Qxa1 e4 27. Nh2 Nf6 28.
Qc1 Kh7 29. f3 Re8 30. fxe4 Nxe4 31. Nxe4 Bxe4 32. Bc3 Qg6 33. Re2 Ra8 34. Bxg7
Qxg7 35. Qd2 Ra1+ 36. Nf1 Ra3 37. Bc2 Qc3 38. Bxe4 fxe4 39. Qxc3 Rxc3 40. Rxe4
Nxd5 41. Rd4 Nb6 42. Nd2 Kg6 43. Ne4 1/2-1/2

[Event "Landesklasse Ost 2012/2013"]
[Site "?"]
[Date "2012.12.02"]
[Round "2"]
[White "Pecher, Peter"]
[Black "Hilbig, Dieter"]
[Result "0-1"]
[WhiteElo "1378"]
[BlackElo "1859"]
[PlyCount "68"]
[EventDate "2012.??.??"]
[WhiteTeam "SG Arnstadt-Stadtilm"]
[BlackTeam "ESV Gera"]

1. Nf3 Nf6 2. d4 e6 3. Bg5 Be7 4. e3 b6 5. Nbd2 Bb7 6. Bd3 d5 7. O-O Nbd7 8. c4
O-O 9. Re1 Ne4 10. Bf4 c5 11. Rc1 Ndf6 12. h3 Rc8 13. Ne5 cxd4 14. exd4 Nxd2
15. Qxd2 dxc4 16. Bb1 b5 17. Rcd1 Nd5 18. a3 Nxf4 19. Qxf4 Bg5 20. Qg3 Bh4 21.
Qg4 Qg5 22. g3 Qxg4 23. Nxg4 Be7 24. Re5 a6 25. Rh5 f5 26. Ne5 g6 27. Rh6 Kg7
28. Rh4 Bxh4 29. gxh4 Rfd8 30. Kh2 c3 31. bxc3 Rxc3 32. Ba2 Bd5 33. Bxd5 Rxd5
34. Kg2 Rxa3 0-1

[Event "Landesklasse Ost 2012/2013"]
[Site "?"]
[Date "2012.12.02"]
[Round "2"]
[White "Steinmüller, Johannes"]
[Black "Riedel, Erich"]
[Result "1/2-1/2"]
[WhiteElo "1761"]
[BlackElo "1533"]
[PlyCount "34"]
[EventDate "2012.??.??"]
[WhiteTeam "ESV Gera"]
[BlackTeam "SG Arnstadt-Stadtilm"]

1. e4 e6 2. d4 d5 3. Nc3 Nf6 4. e5 Nfd7 5. f4 c5 6. Nf3 Nc6 7. Be3 Qb6 8. Qd2
c4 9. Rb1 Bb4 10. a3 Bxc3 11. Qxc3 Qa5 12. b4 Qd8 13. Be2 b5 14. O-O Nb6 15.
Qe1 Qe7 16. Qg3 g6 17. c3 Bd7 1/2-1/2

[Event "Landesklasse Ost 2012/2013"]
[Site "?"]
[Date "2012.12.02"]
[Round "2"]
[White "Meng, Hans"]
[Black "Kupper, Matthias"]
[Result "1/2-1/2"]
[WhiteElo "1082"]
[BlackElo "1772"]
[PlyCount "73"]
[EventDate "2012.??.??"]
[WhiteTeam "SG Arnstadt-Stadtilm"]
[BlackTeam "ESV Gera"]

1. e4 c5 2. Nf3 Nc6 3. d4 cxd4 4. Nxd4 Nf6 5. Nxc6 bxc6 6. e5 Qa5+ 7. Nc3 Qxe5+
8. Be3 g6 9. Be2 Bg7 10. O-O O-O 11. Qd2 Qc7 12. Rfe1 d5 13. Bf3 Bg4 14. Bf4
Qd8 15. Qd1 Bxf3 16. Qxf3 Nd7 17. Bg5 Re8 18. Re2 Bxc3 19. Qxc3 f6 20. Be3 Qc7
21. Rae1 e5 22. Bh6 Rab8 23. f4 e4 24. b4 Rb5 25. a3 Qd6 26. Qb3 f5 27. Rd2 Qe6
28. Rc1 Rb7 29. c4 Nb6 30. c5 Nc4 31. Ra2 e3 32. a4 e2 33. Re1 Qe4 34. Qc3 Ne3
35. Raxe2 d4 36. Qb3+ Re6 37. Rd1 1/2-1/2

[Event "Thüringenliga 2012/2013"]
[Site "?"]
[Date "2013.03.17"]
[Round "6"]
[White "Müller, Michael"]
[Black "du Maire, Jérôme"]
[Result "1/2-1/2"]
[WhiteElo "2193"]
[BlackElo "1985"]
[PlyCount "69"]
[EventDate "2013.??.??"]
[WhiteTeam "SSV Vimaria 91 Weimar"]
[BlackTeam "SV 1861 Liebschwitz"]

1. d4 d5 2. Bf4 c6 3. e3 Qb6 4. Qc1 Bf5 5. Nf3 Nf6 6. Nh4 Bd7 7. Bd3 e6 8. Nd2
c5 9. c3 Nc6 10. h3 Rc8 11. Qb1 Be7 12. Nhf3 h6 13. Bh2 O-O 14. O-O Rfd8 15.
dxc5 Bxc5 16. b4 Be7 17. a4 a5 18. b5 Nb8 19. c4 Bb4 20. Rd1 Be8 21. cxd5 Nxd5
22. Nc4 Qc5 23. Bxb8 Rxb8 24. Bf1 Nc3 25. Rxd8 Rxd8 26. Qc2 b6 27. Rc1 f6 28.
Qb3 Ne4 29. Rd1 Rxd1 30. Qxd1 Qc7 31. Nd4 Bd7 32. Qb3 Kf8 33. Qc2 Nd6 34. Qb3
e5 35. Nxd6 1/2-1/2

[Event "Thüringenliga 2012/2013"]
[Site "?"]
[Date "2013.03.17"]
[Round "6"]
[White "Hermannsdörfer, Frank"]
[Black "Albrecht, Jürgen"]
[Result "1-0"]
[WhiteElo "2137"]
[BlackElo "2046"]
[PlyCount "77"]
[EventDate "2013.??.??"]
[WhiteTeam "SV 1861 Liebschwitz"]
[BlackTeam "SSV Vimaria 91 Weimar"]

1. c4 e5 2. Nc3 Nc6 3. Nf3 Nf6 4. e4 d6 5. g3 g6 6. Bg2 Bg7 7. O-O O-O 8. Rb1
Be6 9. d3 h6 10. Nd5 Kh7 11. Qd2 Ng8 12. b4 Qd7 13. b5 Nce7 14. d4 f5 15. dxe5
dxe5 16. Nxe7 Qxe7 17. Qc3 Qc5 18. Ba3 Qxc4 19. Qxc4 Bxc4 20. Rfc1 Bd3 21. Bxf8
Rxf8 22. Rb3 Bxe4 23. Rxc7 Bxf3 24. Bxf3 e4 25. Be2 Kh8 26. Rxb7 Bd4 27. Rd7
Bb6 28. Kg2 Nf6 29. Rd6 Kg7 30. Rc3 g5 31. Rcc6 f4 32. gxf4 gxf4 33. f3 e3 34.
Bc4 Ba5 35. Kf1 Bb4 36. Rc7+ Kg6 37. Bd3+ Kg5 38. Rd4 Ne8 39. Rc6 1-0

[Event "Thüringenliga 2012/2013"]
[Site "?"]
[Date "2013.03.17"]
[Round "6"]
[White "Philipp, Michael"]
[Black "Zeidler, Andreas"]
[Result "0-1"]
[WhiteElo "1972"]
[BlackElo "2104"]
[PlyCount "100"]
[EventDate "2013.??.??"]
[WhiteTeam "SSV Vimaria 91 Weimar"]
[BlackTeam "SV 1861 Liebschwitz"]

1. e4 d6 2. d4 g6 3. Nc3 Bg7 4. Nf3 c6 5. Be2 Nf6 6. a4 O-O 7. O-O b6 8. Bf4
Ba6 9. e5 dxe5 10. dxe5 Nd5 11. Nxd5 cxd5 12. Nd4 e6 13. Bb5 Bb7 14. Qe2 a6 15.
Bd3 Nd7 16. Bg3 Nc5 17. b4 Ne4 18. f4 Nc3 19. Qd2 Qc7 20. Be1 Ne4 21. Qe2 Nc3
22. Qe3 Rfc8 23. Ra3 Ne4 24. a5 b5 25. Bxe4 dxe4 26. Rc3 Qd7 27. Nb3 Bf8 28.
Rxc8 Rxc8 29. c3 Qd5 30. Nd4 Rd8 31. Nc2 Qc4 32. Qb6 Qc8 33. Ne3 Rd7 34. Ng4
Kg7 35. Nf6 Rd3 36. g4 e3 37. g5 Be7 38. Ng4 Qc6 39. Qxc6 Bxc6 40. h3 Bd8 41.
Kh2 Bc7 42. Rg1 Bb8 43. Nxe3 Rxe3 44. Bf2 Rxc3 45. Rd1 Bd5 46. Bc5 Rf3 47. Rd4
h6 48. h4 hxg5 49. hxg5 Bc7 50. Bb6 Rc3 0-1

[Event "Thüringenliga 2012/2013"]
[Site "?"]
[Date "2013.03.17"]
[Round "6"]
[White "Gerhardt, Frank"]
[Black "Riedel, Finn"]
[Result "1/2-1/2"]
[WhiteElo "2014"]
[BlackElo "1988"]
[PlyCount "27"]
[EventDate "2013.??.??"]
[WhiteTeam "SV 1861 Liebschwitz"]
[BlackTeam "SSV Vimaria 91 Weimar"]

1. e4 d5 2. exd5 Qxd5 3. Nc3 Qa5 4. d4 Nf6 5. Nf3 c6 6. Bd2 Bg4 7. Bc4 Qh5 8.
Be2 e6 9. Ne5 Bxe2 10. Qxe2 Qxe2+ 11. Nxe2 Nbd7 12. O-O Rd8 13. Ba5 Rc8 14.
Nxd7 1/2-1/2

[Event "Thüringenliga 2012/2013"]
[Site "?"]
[Date "2013.03.17"]
[Round "6"]
[White "Stiefel, Roland"]
[Black "Kastner, Peter"]
[Result "1-0"]
[WhiteElo "1995"]
[BlackElo "1963"]
[PlyCount "123"]
[EventDate "2013.??.??"]
[WhiteTeam "SSV Vimaria 91 Weimar"]
[BlackTeam "SV 1861 Liebschwitz"]

1. d4 Nf6 2. Nf3 g6 3. Bf4 Bg7 4. e3 d6 5. Be2 O-O 6. O-O b6 7. Nbd2 Bb7 8. c4
Nbd7 9. Qc2 c5 10. d5 b5 11. e4 b4 12. h3 Qc7 13. Bh2 a5 14. Ne1 e5 15. dxe6
fxe6 16. f4 Rae8 17. Bf3 e5 18. f5 gxf5 19. exf5 e4 20. Be2 Ne5 21. Qb3 Nc6 22.
Nc2 Kh8 23. Qe3 Nd7 24. Nb3 Nce5 25. Rad1 a4 26. Nd2 Qc6 27. Qf4 Nf7 28. Ne3
Be5 29. Qh4 Bf6 30. Qh5 Bd4 31. Bf4 Nf6 32. Qh4 Bxb2 33. g4 Be5 34. Rf2 Qc7 35.
Kf1 Qe7 36. g5 Ng8 37. f6 Nxf6 38. Bxe5 Nxe5 39. gxf6 Qe6 40. Bh5 Rd8 41. Bg4
Qf7 42. Qh6 Qg6 43. Qxg6 hxg6 44. Be2 Rf7 45. Rf4 Rdf8 46. Nxe4 Bxe4 47. Rxe4
Rxf6+ 48. Ke1 b3 49. axb3 axb3 50. Rb1 Rb8 51. Ng4 Nf3+ 52. Bxf3 Rxf3 53. Re3
Rf4 54. Rbxb3 Rxb3 55. Rxb3 Rxc4 56. Rd3 Re4+ 57. Kd2 Re6 58. Kc3 Kg7 59. Kc4
Kf7 60. Kd5 Ke7 61. Ra3 Kf7 62. Nh6+ 1-0

[Event "Thüringenliga 2012/2013"]
[Site "?"]
[Date "2013.03.17"]
[Round "6"]
[White "Weiß, Werner"]
[Black "Gulich, Christian"]
[Result "0-1"]
[WhiteElo "1997"]
[BlackElo "1965"]
[PlyCount "128"]
[EventDate "2013.??.??"]
[WhiteTeam "SV 1861 Liebschwitz"]
[BlackTeam "SSV Vimaria 91 Weimar"]

1. e4 c5 2. Nf3 d6 3. d3 Nc6 4. g3 g6 5. Bg2 Bg7 6. O-O e5 7. c3 Nge7 8. a3 O-O
9. b4 h6 10. Bb2 b6 11. Re1 Be6 12. Nbd2 f5 13. exf5 gxf5 14. b5 Na5 15. Nh4
Rc8 16. c4 f4 17. Rb1 Qd7 18. Bc3 Nb7 19. a4 Nf5 20. Nxf5 Bxf5 21. Bd5+ Be6 22.
Qg4 Rce8 23. Ne4 Qf7 24. Bxe6 Rxe6 25. Bd2 Nd8 26. Kh1 Kh7 27. gxf4 exf4 28.
Rg1 Be5 29. Qh4 Qb7 30. Rg2 Rg6 31. Rxg6 Kxg6 32. Rg1+ Kh7 33. f3 Ne6 34. Qh5
Qf7 35. Qg4 Rd8 36. a5 d5 37. cxd5 Rxd5 38. axb6 axb6 39. Bc3 Bxc3 40. Nxc3
Rxd3 41. Ne4 Rd8 42. Qh4 Rf8 43. Qh3 Qf5 44. Qh4 Rf7 45. Rg4 Qe5 46. Qe1 Rg7
47. Qb1 Kg8 48. Rxg7+ Kxg7 49. Qa2 Kg6 50. Kg2 Ng5 51. Qg8+ Kh5 52. Qc8 Qb2+
53. Nf2 Qxb5 54. Qg4+ Kg6 55. h4 c4 56. Qxf4 Ne6 57. Qg4+ Kf7 58. Ne4 Ke7 59.
Qg8 Qe5 60. Qa8 c3 61. Qa3+ Nc5 62. Qa7+ Kf8 63. Qxb6 Nxe4 64. Qxh6+ Qg7+ 0-1

[Event "Thüringenliga 2012/2013"]
[Site "?"]
[Date "2013.03.17"]
[Round "6"]
[White "Anschütz, Mario"]
[Black "Biel, Maik"]
[Result "1-0"]
[WhiteElo "1813"]
[BlackElo "1968"]
[PlyCount "53"]
[EventDate "2013.??.??"]
[WhiteTeam "SSV Vimaria 91 Weimar"]
[BlackTeam "SV 1861 Liebschwitz"]

1. d4 Nf6 2. c4 g6 3. Nc3 d5 4. cxd5 Nxd5 5. e4 Nxc3 6. bxc3 c5 7. Be3 Bg7 8.
Bc4 Nc6 9. Ne2 O-O 10. O-O Qc7 11. Rc1 Rd8 12. a3 Bd7 13. Ba2 Rac8 14. Nf4 Be8
15. Qg4 Qa5 16. e5 Qxa3 17. Ra1 Qxc3 18. Rfc1 Qb2 19. Nd3 Qb6 20. Nxc5 Nb4 21.
Rcb1 a5 22. Nd3 Bd7 23. Qf3 Bf5 24. Bxf7+ Kh8 25. Nf4 Bxb1 26. Rxb1 Rxd4 27.
Nxg6+ 1-0

[Event "Thüringenliga 2012/2013"]
[Site "?"]
[Date "2013.03.17"]
[Round "6"]
[White "Birke, Andreas"]
[Black "Schawelka, Karl"]
[Result "1-0"]
[WhiteElo "2116"]
[BlackElo "1966"]
[PlyCount "29"]
[EventDate "2013.??.??"]
[WhiteTeam "SV 1861 Liebschwitz"]
[BlackTeam "SSV Vimaria 91 Weimar"]

1. Nf3 d5 2. b3 c5 3. e3 Nc6 4. Bb2 Nf6 5. Bb5 e6 6. O-O Be7 7. Ne5 Qc7 8. f4
O-O 9. Nxc6 bxc6 10. Bd3 a5 11. Be5 Qb6 12. Rf3 g6 13. Rh3 Ba6 14. c4 Nd7 15.
Qh5 1-0

[Event "Landesklasse Ost 2012/2013"]
[Site "?"]
[Date "2012.09.23"]
[Round "1"]
[White "Schmidt, Lothar"]
[Black "Hoffmann, Tim"]
[Result "1/2-1/2"]
[WhiteElo "1957"]
[BlackElo "1869"]
[PlyCount "54"]
[EventDate "2012.??.??"]
[WhiteTeam "SV Schott Jena"]
[BlackTeam "ESV Gera"]

1. d4 Nf6 2. Nf3 g6 3. Bf4 Bg7 4. e3 d6 5. h3 O-O 6. Nbd2 Nbd7 7. Bh2 c5 8. c3
b6 9. Be2 Bb7 10. O-O Rc8 11. Re1 Qc7 12. Bf1 Ne4 13. Nxe4 Bxe4 14. Ng5 Bb7 15.
f4 h6 16. Nf3 f5 17. Bc4+ d5 18. Bd3 c4 19. Bc2 e6 20. Bg3 Bf6 21. Bh4 Bxh4 22.
Nxh4 Kf7 23. Nf3 Rg8 24. Kf2 b5 25. a3 a5 26. Qd2 Qd6 27. g3 Ra8 1/2-1/2